| 000 | 00694nam a2200205 a 4500 | ||
|---|---|---|---|
| 001 | 000009764 | ||
| 005 | 20240412074213.0 | ||
| 008 | 091001s1989 pr r 000 p spa d | ||
| 040 |
_aDO-SdBNP _bspa _cBNPHU |
||
| 082 |
_aRD861.44 _bC352f |
||
| 100 | 1 |
_aCastillo, Nelson del, _d1952- _920637 |
|
| 245 | 1 | 3 |
_aEl final del tiempo / _cNelson del Castillo. |
| 260 |
_aSan Juan, Puerto Rico : _bTaimi _aSanto Domingo : _bAlfa y Omega. |
||
| 300 |
_a81 p. ; _c18 cm. |
||
| 500 | _aIncluye datos biográficos del autor en la contracubierta. | ||
| 590 | _aInventariado, 2018/BT | ||
| 650 | 0 |
_aPoesÃa dominicana _966 |
|
| 650 | 0 |
_aLiteratura dominicana. _967 |
|
| 910 | _aValidado. Control de calidad. MFF | ||
| 999 |
_c9524 _d9524 |
||